| 000 | 00649nam a2200181 u 4500 | ||
|---|---|---|---|
| 001 | 000251185 | ||
| 003 | AM-YeHGA | ||
| 005 | 20250618071702.0 | ||
| 008 | 030730s1954 ai r 000 0 arm d | ||
| 040 | _aAM-YeHGA | ||
| 100 | 1 |
_aԱրարատյան, Ալեքսանդր Գևորգի, _d1897-1991 _92230 |
|
| 245 | 1 | 0 |
_aԻնչպես կազմել հերբարիում / _cԱլեքսանդր Արարատյան; Նկ.՝ Օ. Ասատրյան. |
| 260 |
_aԵրևան : _bՀայպետհրատ, _c1954. |
||
| 300 |
_a40 էջ : _bնկ. ; _c20 սմ. |
||
| 650 | 1 | 4 | _aԲուսաբանություն |
| 700 | 1 |
_aԱսատրյան, Օ. _eնկ. _4art |
|
| 090 | _c91315 | ||
| 999 |
_c90026 _d90026 |
||